000
00283nam a22001337a 4500
008
171003b xxu||||| |||| 00| 0 eng d
020
_a
9780131739895
041
_a
eng
080
_a
15939
100
_a
48
101
_a
PSI
245
_a
PSYCHOLOGICAL
_c
KARUSE.M
942
_2
udc
_c
BK
999
_c
31515
_d
31515